IFM Opac

Operations Management (Record no. 5597)

MARC details
000 -LEADER
fixed length control field 00488nam a2200193Ia 4500
020 ## - INTERNATIONAL STANDARD BOOK NUMBER
International Standard Book Number 0273646575
082 ## - DEWEY DECIMAL CLASSIFICATION NUMBER
Classification number 658.5 SLA
100 ## - MAIN ENTRY--PERSONAL NAME
Personal name Slack, Nigel
9 (RLIN) 3554
245 ## - TITLE STATEMENT
Title Operations Management
250 ## - EDITION STATEMENT
Edition statement 3rd ed.
260 ## - PUBLICATION, DISTRIBUTION, ETC.
Place of publication, distribution, etc. Harlow:
260 ## - PUBLICATION, DISTRIBUTION, ETC.
Name of publisher, distributor, etc. Prentice HallFinancial Times
260 ## - PUBLICATION, DISTRIBUTION, ETC.
Date of publication, distribution, etc. 2001
300 ## - PHYSICAL DESCRIPTION
Extent xv, 765 p. :
Other physical details ; 25 cm.ill.
500 ## - GENERAL NOTE
General note Includes Index
650 ## - SUBJECT ADDED ENTRY--TOPICAL TERM
Topical term or geographic name entry element Operations Management
9 (RLIN) 2876
700 ## - ADDED ENTRY--PERSONAL NAME
Personal name Stuart Chambers, Robert Johnston,
9 (RLIN) 3555
942 ## - ADDED ENTRY ELEMENTS (KOHA)
Koha item type Books

No items available.